| 000 | 01009cad a22002055a 4500 | ||
|---|---|---|---|
| 001 | E154368 | ||
| 008 | 111121e20111117xxk 000 0 eng d | ||
| 035 | _a(Sirsi) u154368 | ||
| 041 | 0 | _aeng | |
| 110 | 2 |
_aHistoric Scotland _92914 |
|
| 245 | 0 | 0 |
_aOptions appraisal for the Royal Commission on the Ancient and Historical Monuments of Scotland (RCAHMS) _h[electronic resource] |
| 260 | _c2010 | ||
| 490 |
_aHistoric Scotland News Release _v17 November 2011 |
||
| 520 | _aThe Scottish Government is undertaking a strategic options appraisal on the future delivery of the functions of the Royal Commission on the Ancient and Historical Monuments of Scotland. The review will report back in early 2012. | ||
| 590 | _aKA | ||
| 651 | 4 |
_aScotland _y1999- |
|
| 690 | _aBUILT ENVIRONMENT-BUILDING TYPES-ANCIENT MONUMENTS AND HISTORIC BUILDINGS | ||
| 856 | 4 | 0 |
_uhttps://www.historic-scotland.gov.uk/news_article.htm?articleid=33848 _zView the news release free of charge at www.historic-scotland.gov.uk |
| 942 | _n0 | ||
| 999 |
_c83597 _d83597 |
||